|
|
|
|
| LEADER |
00000nam0a2200000 4500 |
| 001 |
92970 |
| 005 |
20231031104942.0 |
| 035 |
|
|
|a (RuTPU)RU\TPU\book\99578
|
| 090 |
|
|
|a 92970
|
| 100 |
|
|
|a 20060323d1971 km y0rusy50 ca
|
| 101 |
0 |
|
|a rus
|
| 102 |
|
|
|a RU
|
| 105 |
|
|
|a a z 001zy
|
| 200 |
1 |
|
|a Форсунки в химической промышленности
|f Д. Г. Пажи, А. М. Прахов, Б. В. Равикович
|
| 210 |
|
|
|a Москва
|c Химия
|d 1971
|
| 215 |
|
|
|a 221 с.
|c ил.
|
| 320 |
|
|
|a Библиогр.: с. 219-221
|
| 610 |
1 |
|
|a форсунки
|
| 610 |
1 |
|
|a промышленность
|
| 610 |
1 |
|
|a пневматические элементы
|
| 610 |
1 |
|
|a центробежные форсунки
|
| 610 |
1 |
|
|a пневматические форсунки
|
| 610 |
1 |
|
|a методы контроля
|
| 675 |
|
|
|a 660.2
|v 3
|
| 700 |
|
1 |
|a Пажи
|b Д. Г.
|g Давид Григорьевич
|
| 701 |
|
1 |
|a Прахов
|b А. М.
|g Александр Михайлович
|
| 701 |
|
1 |
|a Равикович
|b Б. В.
|g Борис Вениаминович
|
| 801 |
|
1 |
|a RU
|b 63413507
|c 20060323
|g PSBO
|
| 801 |
|
2 |
|a RU
|b 63413507
|c 20160512
|g PSBO
|
| 942 |
|
|
|c BK
|